| 000 | 01104cam a22003617i 4500 | ||
|---|---|---|---|
| 001 | 17586059 | ||
| 003 | OSt | ||
| 005 | 20230602121341.0 | ||
| 008 | 130110s2009 ke 001 0 eng | ||
| 010 | _a 2012460082 | ||
| 020 | _a9789966751010 | ||
| 020 | _a9966751017 | ||
| 040 |
_aDLC _beng _erda _cDLC _dDLC |
||
| 050 | 0 | 0 | _aMLCS 2018/42112 (B) |
| 082 |
_a231.042 _bBAB |
||
| 100 | 1 |
_aBabendreier, Joe., _eauthor. _d2009 |
|
| 245 | 1 | 4 |
_aThe Faith Explained Today _cJoe Babendreier |
| 250 | _aPopular ed. | ||
| 264 | 1 |
_aNairobi, Kenya : _bScepter Publisher Kenya Ltd, _c2009. |
|
| 300 |
_a928 pages ; _c19 cm. |
||
| 336 |
_atext _btxt _2rdacontent |
||
| 337 |
_aunmediated _bn _2rdamedia |
||
| 338 |
_avolume _bnc _2rdacarrier |
||
| 500 | _aIncludes index. | ||
| 500 |
_aMinimal Level Cataloging Plus. _5DLC |
||
| 610 | 2 | 0 |
_aCatholic Church _vCatechisms. |
| 610 | 2 | 0 |
_aCatholic Church _xDoctrines _vPopular works. |
| 650 | 0 | _aFaith. | |
| 700 | _d2006 | ||
| 906 |
_a7 _bcbc _corignew _d4 _encip _f20 _gy-gencatlg |
||
| 942 |
_2ddc _cBK |
||
| 999 |
_c120 _d120 |
||